000 00508nam a2200205Ia 4500
005 20250923150220.0
008 008 250917s9999 xx 000 0 eng d
037 _aTextual
040 _aDSWL
_beng
_cDSWL
041 _aeng
_2eng
084 _qDSWL
100 _aRay, S
_9843489
245 4 _aThe Film Script of Agantuk
_cby S Ray
260 _aDelhi
_bTim Books
_c2003
300 _a139 p.
365 _aINR
_b195 .0
925 _g195 .0
942 _cTEXL
999 _c1460898
_d1460898